Statystyki dla quiz o avengers koniec gry

Kliknij tutaj aby rozwiązać quiz!

Ogólne statystyki

  • Ten quiz został rozwiązany 305 razy
  • Średni wynik to 6 z 15

Statystyki odpowiedzi

Odpowiedź% Poprawnych
kto poświęcił się pod koniec filmu?iron man
95%
który z avengersów dołączył do strażników galaktyki pod koniec filmu?thor
87%
kto poświęcił swoje życie na vormirze?czarna wdowa
84%
kto pstryknął rękawicą nieskończoności by przywrócić 50% wszechświata do życiahulk
77%
kto uratował iron mana i nebulę z kosmosu?kapitan marvel
67%
kto stał się roninemhawkeye
54%
komu thor przekazał włądzę nad nowym asgardem?walkiri
42%
komu steve oddał tarcze?falconowi
41%
dlaczego thanos na początku filmu niue miał kamienizniszczył je
31%
jakie osoby wyruszył po kamień mocy?nebula i war machine
17%
z czego był stworzony strach na wróble na farmie thanosaz jego zbroi
15%
kto odpalił instant kill modespider man
13%
z kim walczył kapitan ameryka w przeszłościz sobą
8%
kto wymyślił przekręt czasowyant man
7%
kto pokazał palec iron manowidoktor strange
3%

Rozkład punktacji

Percentyl według liczby udzielonych odpowiedzi

Procent ludzi z każdym wynikiem

Twoja historia wyników

Nie rozwiązałeś tego quizu